000 00420pam a2200157a 44500
008 230405s2029 xxu||||| |||| 00| 0 eng d
041 _aENG
100 _aSCOTT MITDELL JAMES ATKINSON
245 _aSAMS TEACH YOURSELF ACTIVE SERVER PAGES 3.0 IN 21 DAYS
250 _a2029
260 _aNULL
_bTECHMEDIA DARYA GANJ NEW DELHI
_c2029
300 _a783
650 _aCOMPUTER SCIENCE
690 _aMCA
906 _a6182
999 _c286993
_d286993